| 000 | 00820nam a2200205Ia 4500 | ||
|---|---|---|---|
| 003 | OSt | ||
| 005 | 20210715144652.0 | ||
| 008 | 210310s2004 ck aodbfr 000 0 eng d | ||
| 040 |
_aCO-JMCR _cCO-JMCR |
||
| 041 | 0 | _aeng | |
| 082 | 0 | 4 |
_a332.6732 / _bC679s _223 |
| 110 | 2 |
_aCoinvertir _938492 |
|
| 245 | 1 | 0 |
_aSurprising Colombia : _bforeign investment guide 2004 / _cCoinvertir |
| 260 |
_aBogotá : _bCoinvertir, _c2004 |
||
| 300 |
_a94 páginas : _bilustraciones, fotografías, gráficas y mapas a color ; _c28 cm. |
||
| 505 | 0 | _aMarket potential -- Infrastructure -- Macroeconomic performance -- Export platform -- Institutions -- Economic sectors -- Foreign investment -- Legal information | |
| 650 | 1 | 4 |
_aInversiones extranjeras _916400 _zColombia |
| 651 | 4 |
_aColombia _xComercio exterior _936905 |
|
| 942 |
_2ddc _cBK |
||
| 999 |
_c8123 _d8123 |
||